000 01148 a2200241 4500
003 Nust
005 20220816184804.0
010 _a 2005415032
020 _a0470091207 (hard)
035 _a(OCoLC)ocm58556680
040 _cNust
082 0 4 _a621.3821,HEL
100 1 _aHelvoort, Huub van.
_959169
245 1 0 _aNext generation SDH/SONET :
_bevolution or revolution? /
_cHuub van Helvoort.
260 _aChichester, West Sussex, England ; Hoboken, N.J. :
_bJ. Wiley & Sons,
_cc2005.
300 _ax, 240 p. :
_bill. ;
_c24 cm.
505 _aIntroduction (Page-1), Concatenation (Page-9), Link Capacity Adjustment Scheme (Page-35), The LCAS Protocol (Page-67),LCAS Time Sequece Diagrams (Page-81), Generic Framing Procedure (Page-99), Functional Models for LCAS and GFP (Page -125), The LCAS Procedure Exercised (Page-169).
650 0 _aSONET (Data transmission)
_956039
650 0 _aTelecommunication Engineering
856 4 2 _3Publisher description
_uhttp://www.loc.gov/catdir/enhancements/fy0628/2005415032-d.html
856 4 2 _3Table of contents only
_uhttp://www.loc.gov/catdir/enhancements/fy0628/2005415032-t.html
942 _cREF
_2ddc
999 _c175705
_d175705